FUZZY ENGINEERING (Record no. 216890)

MARC details
000 -LEADER
fixed length control field 00412nam a22001577a 4500
008 - FIXED-LENGTH DATA ELEMENTS--GENERAL INFORMATION
fixed length control field 260330b |||||||| |||| 00| 0 eng d
020 ## - INTERNATIONAL STANDARD BOOK NUMBER
International Standard Book Number 978-81-203-5053-3
100 ## - MAIN ENTRY--PERSONAL NAME
Personal name KOSKO, BART
245 ## - TITLE STATEMENT
Title FUZZY ENGINEERING
260 ## - PUBLICATION, DISTRIBUTION, ETC.
Place of publication, distribution, etc. DELHI
Name of publisher, distributor, etc. PHI LEARNING PRIVATE
Date of publication, distribution, etc. 1997
300 ## - PHYSICAL DESCRIPTION
Extent XXVI, 549P.
500 ## - GENERAL NOTE
General note INCLUDES INDEX
650 ## - SUBJECT ADDED ENTRY
Topical term or geographic name entry element INTELLIGENT CONTROL SYSTEMS
942 ## - ADDED ENTRY ELEMENTS (KOHA)
Source of classification or shelving scheme Library of Congress Classification
Koha item type Long Loan Book
Holdings
Withdrawn status Lost status Source of classification or shelving scheme Damaged status Not for loan Collection Home library Current library Shelving location Date acquired Inventory number Total checkouts Full call number Barcode Date last seen Copy number Price effective from Koha item type
    Library of Congress Classification     Science & Technology Kisii University Library Kisii University Library On Display 03/30/2026 112413   TJ 217.5 K67 1997 A000896 03/30/2026 1 03/30/2026 Long Loan Book
    Library of Congress Classification     Science & Technology Kisii University Library Kisii University Library On Display 03/30/2026 112414   TJ 217.5 K67 1997 A000893 03/30/2026 2 03/30/2026 Long Loan Book
    Library of Congress Classification     Science & Technology Kisii University Library Kisii University Library On Display 03/30/2026 112415   TJ 217.5 K67 1997 A000891 03/30/2026 3 03/30/2026 Long Loan Book
    Library of Congress Classification     Science & Technology Kisii University Library Kisii University Library On Display 03/30/2026 112416   TJ 217.5 K67 1997 A000894 03/30/2026 4 03/30/2026 Long Loan Book